| 000 | 00000nam 2200000zi 4500 |
| 001 | 9.919136 |
| 003 | CaOODSP |
| 005 | 20230914125106 |
| 006 | m o d f |
| 007 | cr cn||||||||| |
| 008 | 230113t20232023quca o f000 0 eng d |
| 020 | |a9780660470795 |
| 040 | |aCaOODSP|beng|erda|cCaOODSP |
| 043 | |an-cn--- |
| 086 | 1 |aEn14-494/1-2023E-PDF |
| 245 | 00|aSingle-Use Plastics Prohibition Regulations : |btechnical guidelines. |
| 264 | 1|aGatineau, Quebec : |bEnvironment and Climate Change Canada = Environnement et changement climatique Canada, |c[2023] |
| 264 | 4|c©2023 |
| 300 | |a1 online resource (25 pages) : |billustrations |
| 336 | |atext|btxt|2rdacontent |
| 337 | |acomputer|bc|2rdamedia |
| 338 | |aonline resource|bcr|2rdacarrier |
| 500 | |aIssued also in French under title: Règlement interdisant les plastiques à usage unique : lignes directrices techniques. |
| 650 | 0|aPlastics|xLaw and legislation|zCanada. |
| 650 | 0|aPlastic scrap|xLaw and legislation|zCanada. |
| 650 | 0|aPlastics industry and trade|xLaw and legislation|zCanada. |
| 650 | 0|aPollution prevention|xLaw and legislation|zCanada. |
| 710 | 1 |aCanada. |bEnvironment and Climate Change Canada, |eissuing body. |
| 775 | 08|tRèglement interdisant les plastiques à usage unique : |w(CaOODSP)9.919137 |
| 794 | |tSingle-Use Plastics Prohibition Regulations : |w(CaOODSP)9.927267 |
| 795 | |tSingle-Use Plastics Prohibition Regulations : |w(CaOODSP)9.912461 |
| 856 | 40|qPDF|s637 KB|uhttps://publications.gc.ca/collections/collection_2023/eccc/En14-494-1-2023-eng.pdf |
| 986 | |aEC22035 |